| 000 | 01043nam a22002537a 4500 | ||
|---|---|---|---|
| 999 |
_c12709 _d12709 |
||
| 003 | AR-CdUCM | ||
| 008 | 190410b ||||| |||| 00| 0 spa d | ||
| 040 |
_aMUNICIPALIDAD PROVINCIAL DEL CUSCO _cBIBLIOTECA MUNICIPAL DEL CUSCO |
||
| 082 |
_a377.29 / _bB18 |
||
| 100 |
_aBallón Echegaray, Eduardo _930686 |
||
| 245 |
_aEducación básica laboral : _bproceso a un proceso / |
||
| 260 |
_aLima : _bDesco, _c1978. |
||
| 300 |
_a142 páginas ; _c17 cm. |
||
| 505 | _aContenido: Educación básica laboral: características y antecedentes -- La educación básica laboral: infraestructura -- El presupuesto y el financiamiento de la EBL: el entrampe económico y la población estudiantil. | ||
| 650 |
_aEducación laboral _930709 |
||
| 650 |
_aEducación _9460 |
||
| 650 |
_aPerú _935 |
||
| 700 |
_aPozo del Pino, César _930710 |
||
| 700 |
_aPeirano Falconi, Luis _922316 |
||
| 700 |
_aValdez Herrera, Gilberto _930711 |
||
| 710 |
_aCentro de estudios y promoción del desarrollo _93974 |
||
| 942 |
_2ddc _cLIBROS |
||
| 945 |
_aacv _d2019-04-10 |
||